Christian-Georges Schwentzel, Les Nabatéens. IVe avant J.-C. – IIe siècle. De Pétra à Al-Ula, les bâtisseurs du désert. Tallandier, «Humanités», 2025, 384 páginas, 27,90 euros. (notice n° 1664260)
[ vue normale ]
| 000 -LEADER | |
|---|---|
| fixed length control field | 00777cam a2200157 4500500 |
| 005 - DATE AND TIME OF LATEST TRANSACTION | |
| control field | 20260222001046.0 |
| 041 ## - LANGUAGE CODE | |
| Language code of text/sound track or separate title | fre |
| 042 ## - AUTHENTICATION CODE | |
| Authentication code | dc |
| 100 10 - MAIN ENTRY--PERSONAL NAME | |
| Personal name | Plusquellec, Florent |
| Relator term | author |
| 245 00 - TITLE STATEMENT | |
| Title | Christian-Georges Schwentzel, Les Nabatéens. IVe avant J.-C. – IIe siècle. De Pétra à Al-Ula, les bâtisseurs du désert. Tallandier, «Humanités», 2025, 384 páginas, 27,90 euros. |
| 260 ## - PUBLICATION, DISTRIBUTION, ETC. | |
| Date of publication, distribution, etc. | 2025.<br/> |
| 500 ## - GENERAL NOTE | |
| General note | 56 |
| 520 ## - SUMMARY, ETC. | |
| Summary, etc. | La Fundación Louis Vuitton, en París, presenta una retrospectiva de la obra de Gerhard Richter, un panorama completo que abarca sesenta años de creación artística. |
| 786 0# - DATA SOURCE ENTRY | |
| Note | Études | 4333 | 1 | 2025-12-30 | p. 130a-131 |
| 856 41 - ELECTRONIC LOCATION AND ACCESS | |
| Uniform Resource Identifier | <a href="https://shs.cairn.info/revista-etudes-2026-1-page-130a?lang=es&redirect-ssocas=7080">https://shs.cairn.info/revista-etudes-2026-1-page-130a?lang=es&redirect-ssocas=7080</a> |
Pas d'exemplaire disponible.




Réseaux sociaux